Vo všetkých doterajších prózach.../inc./ /Čeretková-Gallová, Marína./ Opýtali sme sa

Bibliographic Details
Main Authors: Ra (Author), Čeretková-Gállová, Marína, 1931-2017 (Author)
Format: Article
Language:Slovak
PhysicalDescription:Fot. 1.
Subjects:

MARC

LEADER 00000nab a2200000 a 4500
001 vtls000020518
003 SK-MaSNL
005 20260304020914.0
008 160211c1979 xo 0 slo
015 |a SNBRB19rr/mm-uuuuu 
035 |a CL0030612 
040 |a SNKBUCL  |b slo  |c SNKBUCL  |e AACR2 
041 0 |a slo 
044 |a xo  |c SK 
080 |a 82:929:885.4  |2 1981 
080 |a 885.4"19"  |2 1981 
080 |a 885.4(091)"19"  |2 1981 
080 |a 92 Čeretková- Gallová, Marína  |2 1981 
100 1 |a Ra  |4 aut  |9 555356 
245 1 0 |a Vo všetkých doterajších prózach.../inc./ /Čeretková-Gallová, Marína./  |b Opýtali sme sa  |c ra, Marína Čeretková-Gallová 
300 |b Fot. 1. 
600 1 7 |a Čeretková-Gállová, Marína,  |d 1931-2017  |2 snkbucl  |9 5140 
655 7 |a články z novín a časopisov  |2 snkbucl  |9 267496 
655 7 |a články z odboru literárna veda a krásna literatúra  |2 snkbucl  |9 770045 
700 1 |a Čeretková-Gállová, Marína,  |d 1931-2017  |4 aut  |9 5140 
773 0 |t Večerník  |g Roč. 24, č. 11 (16. 1. 1979), s. /5/ 
850 |a Slovenská národná knižnica v Martine  |a MTA001 
852 |a SNK  |b KIS3GCP 
958 |a RK 
958 |a LX 
992 |a RBX 
999 |c 2602033  |d 2603963